| 000 | 00540nam a22001577a 4500 | ||
|---|---|---|---|
| 999 |
_c534685 _d534685 |
||
| 020 | _qHard Cover. | ||
| 082 | _a621.3678 | ||
| 100 | _aImran, Amer Minhas | ||
| 245 |
_aGIS-Based Geo Hazard Assessment of Pakistan for Future Urban Development Using AHP / _cAmer Imran Minhas. |
||
| 260 |
_aIslamabad : _bIGIS - NUST, _c2014. |
||
| 300 |
_axiii, 70 p. ill. ; _c30cm. |
||
| 942 |
_2ddc _cTHE |
||
| 650 |
_aRemote Sensing and GIS - MS Thesis. _916703 |
||
| 700 |
_aDr. Salam Atif. _928996 |
||